Statistics for Finland By Picture

Click here to take the quiz!

General Stats

  • This quiz has been taken 149 times
  • The average score is 4 of 15

Answer Stats

Answer% Correct
Helsinki
97%
Sauli Niinistö
58%
Saana
39%
Rovaniemi
34%
Jean Sibelius
33%
Turku
33%
Oulu
25%
Tampere
25%
Åland
11%
Jyväskylä
11%
Saimaa
11%
Kilpisjärvi
6%
Northern Ostrobothnia
5%
Pielinen
5%
Kemijoki
2%

Score Distribution

Percentile by Number Answered

Percent of People with Each Score

Your Score History

You have not taken this quiz